000 01521nam a2200409 a 4500
001 ebr10177954
003 CaPaEBR
006 m u
007 cr cn|||||||||
008 060717r20061981nyu sb 000 1 eng
010 _z 2006279246
020 _z9780192805126 (pbk.)
020 _z0192805126 (pbk.)
040 _aCaPaEBR
_cCaPaEBR
035 _a(OCoLC)305393143
043 _ae-uk-en
050 1 4 _aPR3490.A2
_bF75 2006eb
100 1 _aGoldsmith, Oliver,
_d1730?-1774.
245 1 4 _aThe vicar of Wakefield
_h[electronic resource] /
_cedited by Arthur Friedman ; with an introduction and notes by Robert L. Mack.
250 _aNew ed.
260 _aNew York :
_bOxford University Press,
_c2006.
300 _axlvii, 197 p.
490 1 _aOxford world's classics
504 _aIncludes bibliographical references.
533 _aElectronic reproduction.
_bPalo Alto, Calif. :
_cebrary,
_d2013.
_nAvailable via World Wide Web.
_nAccess may be limited to ebrary affiliated libraries.
650 0 _aClergy
_vFiction.
650 0 _aChildren of clergy
_vFiction.
650 0 _aPoor families
_vFiction.
650 0 _aAbduction
_vFiction.
650 0 _aPrisoners
_vFiction.
651 0 _aEngland
_vFiction.
655 7 _aElectronic books.
_2local
700 1 _aFriedman, Arthur,
_d1906-1981.
710 2 _aebrary, Inc.
830 0 _aOxford world's classics.
856 4 0 _uhttp://site.ebrary.com/lib/rucke/Doc?id=10177954
_zAn electronic book accessible through the World Wide Web; click to view
999 _c237260
_d237260